000 00898nem a2200241 u 4500
005 20191224042251.0
008 160513b xxu||||| |||| 00| 0 spa d
040 _aCO-BoIAVH
_cCO-BoIAVH
041 _aspa
044 _ack
090 _aMC-
_b0207
110 2 _aEmpresa Colombiana de petroleos Distrito de Oleoductos
_968055
245 1 _aLocalización Lindero de la reserva forestal protectora serranias de las Quinchas.
_h[Material Cartografico]
_bProyecto: Estudio socioeconomico y evaluación fisico espacial para la delimitación de la reserva forestal protectora serrania de las quinchas
255 _a1:100.000
260 _aBogota ;
_bEcopetrol
_c1996.
300 _a1 hoja ;
_bcolor
_c66 x 77 cm
650 1 6 _aGeografía
_992259
650 1 6 _aHidrografía
_95361
650 1 6 _aVegetación
_992799
650 1 6 _aBosques
_968072
710 1 _aBiocolombia
_965559
942 _2z
_cMapa
999 _c18549
_d18549